000 00220nam a2200097Ia 4500
008 190216s9999||||xx |||||||||||||| ||und||
100 _aFowles G
245 0 _aLecture Experiments In Chemistry
260 _bNull
942 _cBK
999 _c1932
_d1932